000 00377pab a2200145 454500
008 180718b1986 xxu||||| |||| 00| 0 eng d
100 _aCassidy, Frank
245 _aClosed or open government
_bThe public servant and the public
260 _c1986
300 _a583-4
362 _aWinter
650 _aCivil Service
773 _aCanadian Public Administration
909 _a5692
999 _c5692
_d5692